Wettbewerbsaufsicht in Europa.

Otázky organizácie dohľadu nad konkurenciou v rámci ES. Úpravy kartelového práva v ES. Prax realizácie rozhodnutí v rámci ES u komisie pre bankovníctvo (eurošeky a i.). Združenia národných bankových zväzov. Úrokové dohody. Kontrola fúzií v bankovníctve.

Gespeichert in:
Bibliographische Detailangaben
1. Verfasser: Wolf, D.
Format: Buchkapitel
Sprache:Deutsch
Schlagworte:
Tags: Tag hinzufügen
Keine Tags, Fügen Sie das erste Tag hinzu!

MARC

LEADER 00000naa a2200000 4500
001 r013405
005 20221213085404.8
041 0 |a ger 
044 |a DE 
245 1 0 |a Wettbewerbsaufsicht in Europa.  |c D. Wolf 
520 |a Otázky organizácie dohľadu nad konkurenciou v rámci ES. Úpravy kartelového práva v ES. Prax realizácie rozhodnutí v rámci ES u komisie pre bankovníctvo (eurošeky a i.). Združenia národných bankových zväzov. Úrokové dohody. Kontrola fúzií v bankovníctve. 
610 2 0 |a konkurencia 
610 2 0 |a Európske spoločenstvá 
610 2 0 |a bankovníctvo 
610 2 0 |a kontrola 
610 2 0 |a fúzie 
100 1 |a Wolf, D.